000 01666nam a2200217 i 4500
001 131805
003 ES-MaACL
005 20250807062548.0
007 t|
008 070214m19201924fr r ||||1| fre d
245 0 0 _aNouveau traite de medicine /
_cpubliée sous la direction de Georges Henri Roger, F. Widal, P. J. Teissier.
260 _aParis :
_bMasson et Cie.,
_c1920-24.
300 _a22 v., 149 lám. :
_bil. ;
_c25 cm.
505 8 _aContiene: Vol. 1-3 Maladies infectieuses. v. 4. Maladies infectieuses et parasitaires -- v. 5. Maladies infectieuses et parasitaires (suite) - Cancer -- v. 6. Intoxications -- v. 7. Avitaminoses - Maladies par agents physiques - Troubles de la nutrition -- v. 8. Pathologie des glandes endocrines - Troubles du développement -- v. 9. Affections du sang et des organes hématopolétiques -- v. 11. Pathologie de l'appareil respiratoire: nez, larynx, trachée, bronches, poumons -- v. 12. Pathologie de l'appareil respiratoire (suite) -- v.13. Appareil digestif: bouche, pharynx, oesophage, estomac -- v. 14. Appareil digestif: intestin -- v. 15. Glandes salivaires - Pancréas et péritoine -- v. 16. Pathologie du foie et des voies biliaires -- v. 17. Pathologie des reins - Hémoglobinurie -- v. 18. Système nerveux:sémiologie générale -- v. 19. Pathologie du cerveau et du cervelet - pathologie du système nerveux -- v. 21. Nerfs, sympathique, névroses --v. 22. Muscles, os et articulations
650 0 7 _aMedicina
_2embne
_914891
700 1 _aRoger, Georges Henri.
_998929
700 0 _aWidal, Fernad.
_9116744
700 1 _aTeissier, P. J.
_9109532
852 _aES-MaACL
_jC-8652-76
999 _c131805
_d131805